[Event "BEL-ch U14"]
[Site "Blankenberge"]
[Date "2015.04.15"]
[Round "5"]
[White "Cnudde, Pieter"]
[Black "Lacheron, Edouard"]
[Result "0-1"]
[WhiteElo "1198"]
[BlackElo "1591"]
[PlyCount "98"]
[EventDate "2015.04.12"]
[EventType "swiss"]
[EventRounds "9"]
[EventCountry "BEL"]
[SourceTitle "CBM 166 Extra"]
[Source "ChessBase"]
[SourceDate "2015.06.18"]
[SourceVersion "1"]
[SourceVersionDate "2015.06.18"]
[SourceQuality "1"]

1. e4 d6 2. Nf3 Nf6 3. Nc3 g6 4. Bc4 Nbd7 5. Ng5 Ne5 6. d3 Nxc4 7. dxc4 Bg7 8. 0-0 0-0 9. Nd5 e6 10. Nxf6+ Bxf6 11. Nf3 e5 12. b3 Be7 13. Bb2 f5 14. Re1 fxe4 15. Rxe4 Bf5 16. Re2 Bg4 17. Qd5+ Rf7 18. h3 c6 19. Qe4 Bxf3 20. gxf3 Qf8 21. Re3 Bg5 22. Rd3 Rf4 23. Qe2 Rh4 24. Kg2 Rd8 25. Bc1 Qf5 26. Kf1 Qxh3+ 27. Ke1 Qh1+ 28. Qf1 Qxf1+ 29. Kxf1 Rh1+ 30. Ke2 Rxc1 31. Rxc1 Bxc1 32. Kd1 Ba3 33. c3 Bc5 34. Ke2 d5 35. b4 Be7 36. c5 h5 37. Kf1 Rf8 38. Re3 Rf5 39. Kg2 Bf6 40. a4 a6 41. Kg3 h4+ 42. Kh3 Rf4 43. Kg2 e4 44. fxe4 Rxe4 45. Rxe4 dxe4 46. c4 Kf7 47. Kh3 Ke6 48. Kg4 g5 49. b5 Bd4 0-1

[Event "BEL-ch U12"]
[Site "Blankenberge"]
[Date "2014.04.16"]
[Round "5"]
[White "Lacheron, Edouard"]
[Black "Huynh, Laurent"]
[Result "0-1"]
[WhiteElo "1354"]
[BlackElo "1710"]
[PlyCount "68"]
[EventDate "2014.04.13"]
[EventType "swiss"]
[EventRounds "9"]
[EventCountry "BEL"]
[SourceTitle "EXT 2022"]
[Source "ChessBase"]
[SourceDate "2021.10.06"]
[SourceVersion "1"]
[SourceVersionDate "2021.10.06"]
[SourceQuality "1"]

1. d4 Nf6 2. c4 g6 3. Nc3 Bg7 4. e4 d6 5. Bf4 0-0 6. Bd3 Nbd7 7. Nf3 Nh5 8. Be3 e5 9. d5 Nf4 10. Bxf4 exf4 11. Qd2 Ne5 12. Nxe5 Bxe5 13. Rb1 Qf6 14. Ne2 g5 15. f3 Kh8 16. g3 fxg3 17. hxg3 Qxf3 18. Rf1 Bxg3+ 19. Nxg3 Qxg3+ 20. Kd1 Bg4+ 21. Kc2 h5 22. Rg1 Qe5 23. Rbf1 f6 24. Rh1 Kg7 25. Qc3 b6 26. Qb4 a5 27. Qb5 Qd4 28. Rfg1 Qc5 29. Qa4 Rf7 30. a3 Bf3 31. b4 Qf2+ 32. Kc3 axb4+ 33. Qxb4 Bxh1 34. Rxh1 Qa2 0-1